Klastre na Slovensku a v Európskej únii z hľadiska počtu členov, veku klastrov a ich právnej formy

Prvé klastre na Slovensku boli založené v období rokov 2004-2006. Naproti tomu až 48 klastrov v EÚ vzniklo pred rokom 1990. Z hľadiska počtu členov dominujú klastre s počtom do 25. V zahraničí má väčšina klastrov právnu formu neziskovej organizácie, na Slovensku je to záujmové združenie právnických...

Descrizione completa

Salvato in:
Dettagli Bibliografici
Autore principale: Spišáková, Emília, 1983-
Natura: Capitolo di libro
Lingua:slovacco
Soggetti:
Tags: Aggiungi Tag
Nessun Tag, puoi essere il primo ad aggiungerne!!

MARC

LEADER 00000nla a2200000 4500
001 0182636
005 20240502073126.6
041 0 |a slo 
044 |a SK 
245 1 0 |a Klastre na Slovensku a v Európskej únii z hľadiska počtu členov, veku klastrov a ich právnej formy  |c Emília Spišáková 
520 |a Prvé klastre na Slovensku boli založené v období rokov 2004-2006. Naproti tomu až 48 klastrov v EÚ vzniklo pred rokom 1990. Z hľadiska počtu členov dominujú klastre s počtom do 25. V zahraničí má väčšina klastrov právnu formu neziskovej organizácie, na Slovensku je to záujmové združenie právnických osôb. 
610 2 0 |a klaster 
610 2 0 |a Slovensko 
610 2 0 |a Európska únia 
100 1 |a Spišáková, Emília, 1983-